00333nam a2200133Ia 4500008004100000041000800041082001500049100001600064245004600080260003500126300000700161365001500168700001600183230718s9999 xx 000 0 und d aeng a621.1bKHU aKhurmi R.S. aSteam Tables With Mollier Diagram SI Unit c1994bS.Chand And Company Ltd. a32 cRs.b12.00 aKhurmi R.S.